Hegemonías y emancipaciones en el siglo XXI /

שמור ב:
מידע ביבליוגרפי
מחבר ראשי: Ceceña, Ana Esther
מחבר תאגידי: CLACSO
מחברים אחרים: comp
פורמט: Texto
יצא לאור: Buenos Aires: CLACSO
תגים: הוספת תג
אין תגיות, היה/י הראשונ/ה לתייג את הרשומה!

MARC

LEADER 00000 a a2200000 04500
001 30125
003
040
020 |a 950-9231-99-1  
090 |a 194403  
100 |a Ceceña, Ana Esther  
110 |a CLACSO  
245 |a Hegemonías y emancipaciones en el siglo XXI /  |c Ana Esther Ceceña 
260 |a Buenos Aires:   |b CLACSO  
300 |a 223 p.  
700 |a comp.  
999 |c 8886  |d 8886